Drag Race Sverige Queens by Photo - Statistics

General Stats
  • This quiz has been taken 43 times
  • The average score is 8 of 9
Answer Stats
Picture Hint Answer % Correct
๐Ÿ‡ธ๐Ÿ‡ช Season 1 ๐Ÿ‡ธ๐Ÿ‡ช Endigo
100%
๐Ÿ‡ธ๐Ÿ‡ช Season 1 ๐Ÿ‡ธ๐Ÿ‡ช Fontana
100%
๐Ÿ‡ธ๐Ÿ‡ช Season 1 ๐Ÿ‡ธ๐Ÿ‡ช Admira Thunderpussy
97%
๐Ÿ‡ธ๐Ÿ‡ช Season 1 ๐Ÿ‡ธ๐Ÿ‡ช Vanity Vain
97%
๐Ÿ‡ธ๐Ÿ‡ช Season 1 ๐Ÿ‡ธ๐Ÿ‡ช Santana Sexmachine
94%
๐Ÿ‡ธ๐Ÿ‡ช Season 1 ๐Ÿ‡ธ๐Ÿ‡ช Antonina Nutshell
88%
๐Ÿ‡ธ๐Ÿ‡ช Season 1 ๐Ÿ‡ธ๐Ÿ‡ช Elecktra
84%
๐Ÿ‡ธ๐Ÿ‡ช Season 1 ๐Ÿ‡ธ๐Ÿ‡ช Imaa Queen
84%
๐Ÿ‡ธ๐Ÿ‡ช Season 1 ๐Ÿ‡ธ๐Ÿ‡ช Almighty Aphroditey
63%
No matching quizzes found
Score Distribution
Percent of People with Each Score
Percentile by Number Answered
Your Score History
You have not taken this quiz